Statistics for Top 20 Programming Languages

Click here to take the quiz!

General Stats

  • This quiz has been taken 930 times
  • The average score is 10 of 20

Answer Stats

HintAnswer% Correct
1.C
98%
3.C++
98%
5.C#
98%
2.JAVA
96%
8.Python
86%
9.Java Script
82%
11.Ruby
67%
6.PHP
65%
12.PL/SQL
49%
18.Transact-SQL
49%
7.Visual Basic
44%
10.Perl
42%
20.NXT-G
37%
16.Pascal
37%
4.Objective-C
34%
15.Lisp
21%
17.Ada
15%
13.Delphi/Objective Pascal
13%
14.Visual Basic.NET
4%
19.Logo
3%

Score Distribution

Percentile by Number Answered

Percent of People with Each Score

Your Score History

You have not taken this quiz